Masked Singer Suomi kausi 7 - Statistics

Yleistilastot
  • Tätä visaa on pelattu 15 kertaa
  • Keskiarvotulos 7 / 12
Vastaustilastot
Kuvavisa Vastaus % Oikein
Jarkko Tamminen
90%
Eero Ritala
80%
Miska Haakana
80%
Sebastian Rejman
80%
Linnea Leino
70%
Portion Boys
70%
Shirly Karvinen
70%
Cristal Snow
50%
Lola Odusoga
40%
Paavo Arhinmäki
40%
Sonja Kailassaari
40%
Jannkia B
0%
Ehtoja vastaavia visoja ei löytynyt
Tulosjakauma
Jokaisen tuloksen saaneiden osuus
Persentiili vastausten määrän mukaan
Tuloshistoriasi
Et ole pelannut tätä visaa